[Event "Vlissingen HZ op 23rd"]
[Site "Vlissingen"]
[Date "2019.08.09"]
[Round "8"]
[White "Oosting, Robert"]
[Black "Reichardt, Robin"]
[Result "1/2-1/2"]
[WhiteElo "1962"]
[BlackElo "1811"]
[PlyCount "80"]
[EventDate "2019.08.03"]
[EventType "swiss"]
[EventRounds "9"]
[EventCountry "NED"]
[SourceTitle "CBM 191 Extra"]
[Source "ChessBase"]
[SourceDate "2019.09.30"]
[SourceVersion "1"]
[SourceVersionDate "2019.09.30"]
[SourceQuality "1"]

1. e4 e5 2. Nf3 Nc6 3. Bb5 a6 4. Ba4 Nf6 5. 0-0 Be7 6. Re1 b5 7. Bb3 0-0 8. d4 Nxd4 9. Bxf7+ Rxf7 10. Nxe5 Rf8 11. Qxd4 c5 12. Qd1 Qc7 13. Nf3 Bb7 14. Nc3 Ng4 15. Nd5 Qd6 16. h3 Ne5 17. Nxe5 Qxe5 18. f4 Qd6 19. Be3 Bh4 20. Rf1 Bxd5 21. exd5 Rae8 22. Qf3 Re7 23. b4 cxb4 24. Rad1 Rfe8 25. Bd4 Bf6 26. Be5 Bxe5 27. fxe5 Qxe5 28. Rde1 Qxe1 29. Rxe1 Rxe1+ 30. Kh2 R1e5 31. d6 R5e6 32. Qd5 Rc8 33. Qb7 Rc6 34. Qxd7 Rcxd6 35. Qc8+ Kf7 36. Qc5 Rc6 37. Qf5+ Rf6 38. Qd7+ Kg6 39. Qg4+ Kf7 40. Qd7+ Kg6 1/2-1/2

[Event "Vlissingen HZ op 22nd"]
[Site "Vlissingen"]
[Date "2018.08.08"]
[Round "6"]
[White "Oosting, Robert"]
[Black "Frayna, Janelle Mae"]
[Result "0-1"]
[WhiteElo "1958"]
[BlackElo "2278"]
[PlyCount "54"]
[EventDate "2018.08.04"]
[EventType "swiss"]
[EventRounds "9"]
[EventCountry "NED"]
[SourceTitle "CBM 185 Extra"]
[Source "ChessBase"]
[SourceDate "2018.07.29"]
[SourceVersion "1"]
[SourceVersionDate "2018.07.29"]
[SourceQuality "1"]

1. e4 g6 2. d4 Bg7 3. Nc3 d6 4. Be3 a6 5. Nf3 Nf6 6. Qd2 b5 7. a3 Bb7 8. Bd3 Ng4 9. Bg5 c5 10. h3 cxd4 11. Nxb5 Nxf2 12. Qxf2 axb5 13. 0-0 Nc6 14. Bxb5 0-0 15. Bxc6 Bxc6 16. Nxd4 Bxe4 17. Rae1 d5 18. Qd2 Qb6 19. Be3 Qxb2 20. Rb1 Qxa3 21. Rb7 Rab8 22. Rxb8 Rxb8 23. Nc6 Re8 24. Qf2 f5 25. Bc5 Qa4 26. Nd4 e5 27. Nb3 Qc4 0-1

[Event "NED-chT 1213"]
[Site "Netherlands"]
[Date "2013.04.06"]
[Round "8.6"]
[White "Peng, Zhaoqin"]
[Black "Oosting, Robert"]
[Result "1-0"]
[WhiteElo "2411"]
[BlackElo "2003"]
[PlyCount "65"]
[EventDate "2012.09.15"]
[EventType "team-tourn"]
[EventRounds "9"]
[EventCountry "NED"]
[SourceTitle "EXT 2014"]
[Source "ChessBase"]
[SourceDate "2013.11.20"]
[SourceVersion "1"]
[SourceVersionDate "2013.11.20"]
[SourceQuality "1"]
[WhiteTeam "En Passant"]
[BlackTeam "Kennemer Combinatie"]
[WhiteTeamCountry "NED"]
[BlackTeamCountry "NED"]

1. d4 Nf6 2. c4 g6 3. Nc3 d5 4. Bg5 Ne4 5. h4 Nxg5 6. hxg5 Bg7 7. cxd5 c6 8. dxc6 Nxc6 9. e3 Be6 10. Nf3 Rc8 11. Be2 Qa5 12. Qd2 Bg4 13. Rc1 0-0 14. 0-0 Rfd8 15. Rfd1 Bxf3 16. Bxf3 Qxg5 17. Qe2 h5 18. a3 e6 19. Ne4 Qe7 20. b4 b6 21. Qb5 Qe8 22. Qa6 Rc7 23. Nc3 Nxd4 24. exd4 Bxd4 25. Ne2 Rxc1 26. Rxc1 Bb2 27. Rb1 Be5 28. Qxa7 Qb5 29. Qb7 Rd2 30. Qe4 Kg7 31. a4 f5 32. Qe3 Qd3 33. Qxe5+ 1-0